Principles of macroeconomics / (Record no. 44441)
[ view plain ]
| 000 -LEADER | |
|---|---|
| fixed length control field | 00759pam a2200229 a 4500 |
| 001 - CONTROL NUMBER | |
| control field | vtls003030106 |
| 003 - CONTROL NUMBER IDENTIFIER | |
| control field | MY-SjTCS |
| 005 - DATE AND TIME OF LATEST TRANSACTION | |
| control field | 20200306163701.0 |
| 008 - FIXED-LENGTH DATA ELEMENTS--GENERAL INFORMATION | |
| fixed length control field | 110218t2005 xnaad f 001 0 eng |
| 020 ## - INTERNATIONAL STANDARD BOOK NUMBER | |
| International Standard Book Number | 0733969143 (pbk.) |
| 039 #9 - LEVEL OF BIBLIOGRAPHIC CONTROL AND CODING DETAIL [OBSOLETE] | |
| Level of rules in bibliographic description | 201102181440 |
| Level of effort used to assign nonsubject heading access points | VLOAD |
| Level of effort used to assign subject headings | 200609201257 |
| Level of effort used to assign classification | chon ling |
| -- | 200608241552 |
| -- | ismail |
| 082 0# - DEWEY DECIMAL CLASSIFICATION NUMBER | |
| Classification number | 339 |
| Item number | SLO |
| 100 1# - MAIN ENTRY--PERSONAL NAME | |
| Personal name | Sloman, John, |
| Dates associated with a name | 1947- |
| 9 (RLIN) | 2105 |
| 245 10 - TITLE STATEMENT | |
| Title | Principles of macroeconomics / |
| Statement of responsibility, etc. | John Sloman, Keith Norris. |
| 260 ## - PUBLICATION, DISTRIBUTION, ETC. | |
| Place of publication, distribution, etc. | Frenchs Forest, N.S.W. : |
| Name of publisher, distributor, etc. | Pearson Education, |
| Date of publication, distribution, etc. | c2005 [i.e. 2004] |
| 300 ## - PHYSICAL DESCRIPTION | |
| Extent | xv, 442 p. : |
| Other physical details | col. ill. ; |
| Dimensions | 26 cm. |
| 500 ## - GENERAL NOTE | |
| General note | Includes index. |
| 521 ## - TARGET AUDIENCE NOTE | |
| Target audience note | For tertiary students. |
| 650 #0 - SUBJECT ADDED ENTRY--TOPICAL TERM | |
| Topical term or geographic name entry element | Macroeconomics. |
| 9 (RLIN) | 237866 |
| 700 1# - ADDED ENTRY--PERSONAL NAME | |
| Personal name | Norris, Keith, |
| Dates associated with a name | 1940- |
| 9 (RLIN) | 22476 |
| 920 ## - Programme | |
| Programme | GRL : 181873 |
| Withdrawn status | Lost status | Source of classification or shelving scheme | Damaged status | Not for loan | Home library | Current library | Date acquired | Total Checkouts | Barcode | Date last seen | Date last checked out | Copy number | Uniform Resource Identifier | Koha item type | Public note |
|---|---|---|---|---|---|---|---|---|---|---|---|---|---|---|---|
| Dewey Decimal Classification | Taylor's Library-TU | Taylor's Library-TU | 24/08/2006 | 32 | 5000015342 | 05/12/2019 | 02/05/2017 | 1 | Floor 3, Shelf 7 , Side 1, TierNo 6, BayNo 5 | Main Collection | GENLS,GENLS,03,GR |